| 000 | 00870nam a22001937a 4500 | ||
|---|---|---|---|
| 001 | 10042 | ||
| 003 | FISKH | ||
| 005 | 20260401101429.0 | ||
| 008 | 260401b cb ||||| |||| 00| 0 eng d | ||
| 020 | _a9787552547443 | ||
| 040 |
_aFISKH _bchi _cFISKH _dFISKH |
||
| 082 | _a155.4 | ||
| 100 | _a欣金星文化 编 | ||
| 245 |
_a儿童情绪管理与性格培养绘本(全10册): _cBy 欣金星文化 编 _bI can do my duty / |
||
| 300 |
_a31 pages : _bcolor illustrations ; _c22 cm . |
||
| 520 | _a本套绘本通过生动有趣的故事和插图,引导儿童学习情绪管理与良好性格的培养,如学会控制情绪、勇敢自信、与他人友好相处以及懂礼貌、讲诚信等。内容简单易懂,寓教于乐,帮助孩子在阅读中形成积极健康的行为习惯,适合早期启蒙阅读。 | ||
| 942 |
_2ddc _cBOOK _n0 |
||
| 999 |
_c10042 _d10042 |
||